Grille de mots mini #01 - Statistiques

Statistiques générales
  • Ce quiz a été pris 304 fois
  • Le résultat moyen est 24 sur 25
Statistiques - réponses
Place de la lettre Réponses % Correct
1 B R
99%
1 C A
98%
1 E D
98%
1 A G
98%
1 D N
98%
2 B A
96%
4 B A
96%
3 B B
96%
3 D N
96%
2 D A
95%
4 D C
95%
3 A E
95%
3 C E
95%
3 E E
95%
2 C M
95%
4 C N
95%
5 B T
95%
5 C A
94%
2 E I
94%
2 A R
94%
5 D Y
94%
4 A B
93%
4 E S
93%
5 A E
91%
5 E E
91%
Aucun quiz correspondant
Distribution des résultats
% des personnes avec chaque résultat
Percentile par nombre de réponses
Votre historique - résultats
Vous n’avez pas pris ce quiz